00413nmm a2200133Ia 4500008004100000020001800041041000800059100002600067245002800093264006500121300001800186650002400204856005100228251105s9999||||xx |||||||||||||||||und|| a9781558852150 aeng aMeans Ybarra, Ricardo 0aBrotherhood of Dolphins a[Washington, Estados Unidos] :bArte Público Press, c2017 a288 páginas aThriller & Suspense uhttps://public.digitaliapublishing.com/a/46165